000 00627nam a22001577a 4500
999 _c80471
_d80471
008 201130b ||||| |||| 00| 0 eng d
040 _bger
_cSTAFF
_erda
041 _ager
100 _aGutke, Thomas
245 _aChefarzt appelliert an Bevölkerung:
_bPandemie: Weitere Zunahme von Corona-Patienten befürchtet. Maskenpflicht für Teile der Stadt bleibt bestehen/
_cThomas Gutke
773 _dFrankfurt (Oder): Märkisches Verlags- und Druckhaus GmbH & Co KG
_g31. Jahrgang (2020) Nr. 299 vom 23.12.2020, Seite 15
_tMärkische Oderzeitung
942 _cA